• 首页
  • 本馆介绍
  • 公告通知
  • 最新文献
  • 馆藏检索
  • 电子资源
  • 读者导购
  • 参考咨询
  • 我的图书馆
  • 登录
  • 详细信息显示
  • 放入我的书架
  • 预约/预借图书
  • 作者相关作品
  • 分类相关作品
  • 丛书相关作品
  • 出版社相关作品

书目信息

  • 表格格式
  • 工作单格式
  • 卡片格式
题名:
裂国
    
 
作者: 民非明 著
分册:  
出版信息: 贵阳   贵州人民出版社  2011.7
页数: 466页
开本: 24cm
丛书名:
单 册:
中图分类: K261.506
科图分类:
主题词: 军阀--中国--民国--史料 , 军阀
电子资源:
ISBN: 978-7-221-09493-3
000 00879nam0 2200253 45
001 1360527031
005 20130603091603.18
010    @a978-7-221-09493-3@dCNY42.00
100    @a20130513d2011 em y0chiy50 ea
101 0  @achi
102    @aCN@b520000
105    @ay z 000yy
106    @ar
200 1  @a裂国@ALie Guo@e民国军阀往事之西南军阀@EMin Guo Jun Fa Wang Shi Zhi Xi Nan Jun Fa@f民非明著@FMin Fei Ming Zhu
210    @a贵阳@c贵州人民出版社@d2011.7
215    @a466页@d24cm
330    @a本书内容包括:西南军阀这些人儿、云南篇、征川梦、贵州篇、四川篇、旧桂系篇、新桂系篇七部分。
517 1  @a民国军阀往事之西南军阀@AMin Guo Jun Fa Wang Shi Zhi Xi Nan Jun Fa
606 0  @a军阀@y中国@z民国@x史料
606 0  @a军阀
690    @aK261.506@v5
701  0 @a民非明@AMin Fei Ming@f(1986-)@4著
801    @aCN@bTANGWEI@c20130522
905    @b0834720-25@dK261.506@e115@f6
    
    裂国:民国军阀往事之西南军阀/民非明著.-贵阳:贵州人民出版社,2011.7
    466页;24cm
    
    
    ISBN 978-7-221-09493-3:CNY42.00
    本书内容包括:西南军阀这些人儿、云南篇、征川梦、贵州篇、四川篇、旧桂系篇、新桂系篇七部分。
●
相关链接 在E读中查询图书 在五车中查询图书 在当当中查询图书 在豆瓣中查询图书


正题名:裂国     索取号:K261.506/115         预约/预借

序号 登录号 条形码 馆藏地/架位号 状态 备注
1 0834720   208347207   第二样本阅览室/ [索取号:K261.506/115] 在馆    
2 0834721   208347216   第二借阅区/ [索取号:K261.506/115] 在馆    
3 0834722   208347225   第二借阅区/ [索取号:K261.506/115] 在馆    
4 0834723   208347234   第二借阅区/ [索取号:K261.506/115] 在馆    
5 0834724   208347243   第二借阅区/ [索取号:K261.506/115] 在馆    
6 0834725   208347252   第二借阅区/ [索取号:K261.506/115] 在馆    
唐山师范学院图书馆 欢迎您!
大连网信软件有限公司© 版权所有